000 01023nam a22003017a 4500
003 CHAP
005 20220329135936.0
008 971013s r 00010 d
010 _a44438
011 _a45410
035 _a49549
040 _cCHAP
082 _a630.72
_bI47vi
110 _aINIA. México. Centro de Investigaciones Agrícolas de Sinaloa
_958546
245 _aRecomendaciones para los cultivos del estado de Sinaloa
_b: ciclos verano-invierno 19 -
260 _aMéxico, D.F. :
_bEl Instituto,
_c19 -
300 _av.
500 _aLa biblioteca tiene: 1970, 1974
590 _aBATCH-UPD
_b10
_c20130110
_lUCH01
_h1143
590 _aBATCH-UPD
_b10
_c20130410
_lUCH01
_h0728
590 _aCONVERSION
_b10
_c20130109
_lUCH01
_h1324
650 1 4 _aAgricultura
_xInvestigacion
_xSinaloa.
_91674
650 1 4 _aAgricultura
_xSinaloa.
_91794
901 _aBK
942 _cLIBRO
949 _a630.72 I47vi
_bBC
_cC
_d33724000557617
_eC
_f1974
_i49549
_si
949 _a630.72 I47vi
_bBC
_cMUT
_d-111749
_eMUT
_f1970
_i49549
_si
999 _c44438
_d44438